000 00283nam a22000857a 4500
008 250519b ||||| |||| 00| 0 eng d
100 _aLindberg, Ulla
245 _aNordens Aerogram: AerogramI Sverige Danmark, Finland, Island och Norge
650 _aAerogram| Sweden| Denmark| Finland| Icland
999 _c3664
_d3664